000 00724nam a2200241Ia 4500
001 dia_4279
003 CHAP
005 20251029162852.0
008 220117s1986 xx 000 0 und d
010 _a174928
040 _cCHAP
_amxchpua
_erda
090 _aFOLLETO 2805
100 _aLópez Baez, Orlando
_967713
245 _aLa moniliasis del cacao /
_c Orlando López Baez
260 _aMéxico :
_b SARH, Instituto nacional de investigaciones forestales y agropecuarias,
_c1986
300 _a20 p.
500 _aD. (Folleto miscelaneo, 1)
650 _aCacao
_916918
901 _aFOLLETO 2805
902 _aM
905 _a0000001986 mx 0000000000spa00
942 _cFOLL
_2local
999 _c174928
_d174928